000 00418nam a2200169Ia 4500
008 230524s9999 xx 000 0 und d
020 _a9780078263628
082 _a658.45
_bKAZ
100 _aAzhar Kazmi
245 0 _aStrategic Management and Business Policy
250 _a3RD
260 _aNEW DELHI
_bTMH
_c2008
300 _aXVIII;689
500 _aQuantity Number: 21
650 _aManagement
942 _cBK
999 _c42421
_d42421